| 000 | 01281nam a2200301 4500 | ||
|---|---|---|---|
| 001 | 0000023041 | ||
| 003 | CO-CtgCURN | ||
| 005 | 20250329191024.0 | ||
| 007 | ta | ||
| 008 | 160627s2007 000 0 eng d | ||
| 020 | _a9789588298979 | ||
| 040 |
_aCO-CtgCURN _bspa _ccoctgcurn |
||
| 082 | 0 |
_a346.023 _bR457 |
|
| 100 | 1 | _aReyes Yunis, Laura. | |
| 245 | 1 | 0 |
_aLey de contratacion administrativa : _breforma a la contratacion estatal / _cLaura Reyes Yunis. |
| 260 |
_aBogotá : _bEditorial Universidad del Rosario, _c2007. |
||
| 300 | _a452 p. | ||
| 336 | _2rdacontent | ||
| 337 |
_2rdamedia _asin mediacion _bn |
||
| 338 |
_2rdacarrier _avolumen _bnc |
||
| 490 | 1 | _aColección textos de jurisprudencia | |
| 504 | _abibliografia (p. 450-452) | ||
| 505 | 8 | _aModalidades de selección.--Mecanismos de evaluacion y registro unico de proponentes.--Distribucion de riesgos en la contratacion estatal.--Regimenes excepcionales.--Debido proceso y aspectos procedimentales.--mecanismos de publicidad.--Gacetas del congreso que contienen los antecedentes legislativos de la ley 1150 de 2007 | |
| 650 | 1 | 4 |
_aDerecho administrativo _zColombia. |
| 908 | _a160627 | ||
| 942 |
_cBK _h346.023 _iR457 _2ddc |
||
| 999 |
_c11419 _d11419 |
||